000 00328nam a22001457a 4500
008 230414b ||||| |||| 00| 0 eng d
020 _a0882770543
041 _aeng
080 _2FIFTH EDITION
_a34
082 _a34JEN
100 _a31
101 _aJURED
245 _aSECURITIES REGULATION
_cJENNINGS.W.R
942 _2udc
_cBK
999 _c59564
_d59564